000 00727nam a2200253Ia 4500
003 OSt
005 20220912150116.0
006 a|||||r|||| 00| 0
007 ta
008 220909b |||||||| |||| 00| 0 eng d
024 _a42850
037 _cTextual
040 _aCSL
_beng
_cCSL
041 _aeng
082 _aD65,8(B)92, L7
245 0 _aDenatational semantics: The scatt-strachey approach to programming language theory
260 _aCambridge
_bMIT Press
_c1977
300 _axxx,414p.
_ccm.
500 _aBibliography 394-400p; Appendix 388-93p
650 _a Computer program language
650 _aComputer science
942 _hD65,8(B)92, L7
_cTEXL
_2CC
999 _c39753
_d39753